000 00432ntaaa2200169 4500
003 01
005 20251027201942.0
008 0714s1973 ag 01
040 _aAR-BaBN
_bspa
_cAR-BaBN
_eaacr
_dRIC
082 _a248.0000 B53
100 _aBird, Cyril (Mrs.)
_918112
245 _aLo poco resutla mucho cuando Dios lo dispone
250 _a1 ed. :
_bR. T. Grant,
_cn.f.
300 _a71 p.
650 _aVida Cristiana
942 _cBK
999 _c14252
_d14252